[Event "US Masters"]
[Site "Charlotte USA"]
[Date "2023.11.26"]
[Round "7.16"]
[White "Atanasov, Anthony"]
[Black "Quesada Perez, Yasser"]
[Result "0-1"]
[WhiteElo "2406"]
[BlackElo "2594"]
[PlyCount "120"]
[EventDate "2023.11.24"]
[EventType "swiss"]
[EventRounds "9"]
[EventCountry "USA"]
[Source "ChessMix"]
[SourceDate "2023.12.01"]
[TimeControl "5400+30"]

1. d4 {[%emt 0:00:03]} Nf6 {[%emt 0:00:29]} 2. Nf3 {[%emt 0:00:13]} d5 {
[%emt 0:00:11]} 3. a3 {[%emt 0:00:31]} g6 {[%emt 0:01:54]} 4. c4 {
[%emt 0:00:19]} Bg7 {[%emt 0:00:13]} 5. cxd5 {[%emt 0:00:14]} O-O {
[%emt 0:00:27]} 6. e3 {[%emt 0:00:09]} Bf5 {[%emt 0:03:38]} 7. Be2 {
[%emt 0:04:26]} Nxd5 {[%emt 0:00:57]} 8. Nbd2 {[%emt 0:00:37]} Nf6 {
[%emt 0:02:08]} 9. b4 {[%emt 0:06:49]} Nbd7 {[%emt 0:21:05]} 10. Bb2 {
[%emt 0:00:45]} Ne4 {[%emt 0:00:55]} 11. Nh4 {[%emt 0:21:24]} e6 {
[%emt 0:01:52]} 12. Nxf5 {[%emt 0:01:37]} exf5 {[%emt 0:00:04]} 13. Nxe4 {
[%emt 0:01:40]} fxe4 {[%emt 0:00:04]} 14. Qc2 {[%emt 0:00:52]} Nf6 {
[%emt 1:03:33]} 15. O-O {[%emt 0:58:21]} Re8 {[%emt 0:00:30]} 16. Bc4 {
[%emt 0:00:00]} c6 {[%emt 0:00:30]} 17. f3 {[%emt 0:00:00]} a6 {[%emt 0:00:00]}
18. Rae1 {[%emt 0:00:00]} Qe7 {[%emt 0:00:00]} 19. a4 {[%emt 0:00:00]} Rf8 {
[%emt 0:01:30]} 20. Re2 {[%emt 0:00:00]} Kh8 {[%emt 0:00:00]} 21. Ref2 {
[%emt 0:00:00]} exf3 {[%emt 0:00:00]} 22. Rxf3 {[%emt 0:00:00]} Nd5 {
[%emt 0:01:30]} 23. Qb3 {[%emt 0:00:00]} f5 {[%emt 0:00:00]} 24. Ba3 {
[%emt 0:00:00]} Qe4 {[%emt 0:00:00]} 25. b5 {[%emt 0:00:00]} Rfe8 {
[%emt 0:00:00]} 26. bxc6 {[%emt 0:00:00]} bxc6 {[%emt 0:00:00]} 27. Bd3 {
[%emt 0:00:00]} Qe6 {[%emt 0:00:00]} 28. Bc4 {[%emt 0:00:00]} a5 {
[%emt 0:00:00]} 29. Qd3 {[%emt 0:00:00]} Qd7 {[%emt 0:00:00]} 30. Kh1 {
[%emt 0:00:00]} Re4 {[%emt 0:00:00]} 31. Bc1 {[%emt 0:00:58]} Rae8 {
[%emt 0:00:00]} 32. Rh3 {[%emt 0:03:34]} Bf6 {[%emt 0:00:00]} 33. Qa3 {
[%emt 0:02:43]} Be7 {[%emt 0:00:00]} 34. Qb2 {[%emt 0:01:18]} Bg5 {
[%emt 0:00:00]} 35. Bxd5 {[%emt 0:00:44]} cxd5 {[%emt 0:00:00]} 36. Qb6 {
[%emt 0:00:08]} R4e6 {[%emt 0:00:00]} 37. Qxa5 {[%emt 0:00:02]} Qb7 {
[%emt 0:00:00]} 38. Rg3 {[%emt 0:00:34]} h6 {[%emt 0:00:00]} 39. Bd2 {
[%emt 0:01:24]} Rb6 {[%emt 0:08:30]} 40. Qc3 {[%emt 0:00:32]} Qa6 {
[%emt 0:00:00]} 41. Qa1 {[%emt 0:00:13]} Qd3 {[%emt 0:00:00]} 42. a5 {
[%emt 0:00:16]} Rb5 {[%emt 0:00:00]} 43. Rd1 {[%emt 0:00:05]} Reb8 {
[%emt 0:00:00]} 44. a6 {[%emt 0:01:19]} Qe2 {[%emt 0:00:00]} 45. Bc3 {
[%emt 0:00:38]} Qxd1+ {[%emt 0:01:35]} 46. Qxd1 {[%emt 0:00:02]} Rb1 {
[%emt 0:00:04]} 47. Qg1 {[%emt 0:00:26]} Rxg1+ {[%emt 0:00:05]} 48. Kxg1 {
[%emt 0:00:01]} Kh7 {[%emt 0:00:24]} 49. Rf3 {[%emt 0:00:34]} Ra8 {
[%emt 0:00:26]} 50. g4 {[%emt 0:00:12]} fxg4 {[%emt 0:00:21]} 51. Rf7+ {
[%emt 0:00:04]} Kg8 {[%emt 0:00:06]} 52. Rd7 {[%emt 0:00:20]} Bxe3+ {
[%emt 0:00:17]} 53. Kg2 {[%emt 0:00:06]} Rxa6 {[%emt 0:00:05]} 54. Rxd5 {
[%emt 0:02:31]} Ra2+ {[%emt 0:00:05]} 55. Kg3 {[%emt 0:00:08]} h5 {
[%emt 0:00:15]} 56. Rc5 {[%emt 0:00:54]} g5 {[%emt 0:00:31]} 57. Rc8+ {
[%emt 0:00:42]} Kf7 {[%emt 0:00:07]} 58. Rc7+ {[%emt 0:00:03]} Ke8 {
[%emt 0:00:10]} 59. Rc8+ {[%emt 0:00:19]} Kd7 {[%emt 0:00:05]} 60. Rf8 {
[%emt 0:00:04]} Bg1 {[%emt 0:00:51]} 0-1

[Event "1000GN NY Fall GM-A"]
[Site "New York USA"]
[Date "2023.11.08"]
[Round "1.2"]
[White "Khamrakulov, Djurabek"]
[Black "Atanasov, Anthony"]
[Result "1-0"]
[WhiteElo "2500"]
[BlackElo "2406"]
[PlyCount "82"]
[EventDate "2023.11.08"]
[EventType "tourn"]
[EventRounds "9"]
[EventCountry "USA"]
[EventCategory "8"]
[Source "ChessMix"]
[SourceDate "2023.11.20"]
[WhiteTeam "Team2"]
[BlackTeam "Team1"]

1. e4 e5 2. Nf3 Nf6 3. Nc3 Nc6 4. a3 a6 5. d4 exd4 6. Nxd4 Nxe4 7. Nxe4 Qe7 8.
Qd3 d5 9. Nxc6 bxc6 10. Qc3 Qxe4+ 11. Be3 d4 12. Qxd4 Bf5 13. Qxe4+ Bxe4 14.
O-O-O Bd6 15. Rd4 Bd5 16. Ra4 a5 17. f3 Kd7 18. Bd3 c5 19. Bf5+ Kc6 20. c4 Be6
21. Be4+ Kb6 22. Bxa8 Bd7 23. Rxa5 Kxa5 24. Bd5 f6 25. Re1 Ka6 26. f4 Rb8 27.
Bd2 h6 28. h4 Rb3 29. Re3 Rb8 30. b4 cxb4 31. axb4 Bxb4 32. Bxb4 Rxb4 33. Re7
c6 34. Bg8 Bf5 35. Rxg7 Rb1+ 36. Kd2 h5 37. Bh7 Rb2+ 38. Kc3 Rc2+ 39. Kd4 Bxh7
40. Rxh7 Rxg2 41. Rxh5 Rh2 1-0

[Event "1000GN NY Fall GM-A"]
[Site "New York USA"]
[Date "2023.11.09"]
[Round "2.5"]
[White "Chasin, Nico Werner"]
[Black "Atanasov, Anthony"]
[Result "1-0"]
[WhiteElo "2419"]
[BlackElo "2406"]
[PlyCount "89"]
[EventDate "2023.11.08"]
[EventType "tourn"]
[EventRounds "9"]
[EventCountry "USA"]
[EventCategory "8"]
[Source "ChessMix"]
[SourceDate "2023.11.20"]
[WhiteTeam "Team3"]
[BlackTeam "Team1"]

1. Nf3 d5 2. d4 Bf5 3. c4 e6 4. Nc3 Nf6 5. Qb3 Nc6 6. c5 Na5 7. Qa4+ c6 8. Ne5
Ng4 9. e4 dxe4 10. Nxg4 Bxg4 11. Be3 b5 12. Bxb5 cxb5 13. Qxb5+ Ke7 14. b4 Rb8
15. Qxa5 Qxa5 16. bxa5 Kd7 17. O-O Kc6 18. Rab1 Be7 19. a6 g5 20. h3 Bh5 21. g4
Bg6 22. a4 h5 23. Nb5 hxg4 24. Nxa7+ Kd5 25. Rxb8 Rxb8 26. Nb5 Kc6 27. Rb1 Ra8
28. d5+ exd5 29. Nd4+ Kxc5 30. a7 Kc4 31. Rc1+ Kd3 32. Nb5 Bf6 33. Nc7 Rxa7 34.
Bxa7 gxh3 35. Rd1+ Ke2 36. Rxd5 g4 37. Nb5 Bh4 38. Nd4+ Ke1 39. Nc2+ Ke2 40.
Be3 Bxf2+ 41. Bxf2 h2+ 42. Kxh2 Kxf2 43. Rd2+ Kf3 44. Rg2 f5 45. a5 1-0

[Event "1000GN NY Fall GM-A"]
[Site "New York USA"]
[Date "2023.11.09"]
[Round "3.5"]
[White "Atanasov, Anthony"]
[Black "Katz, Alexander R"]
[Result "1/2-1/2"]
[WhiteElo "2406"]
[BlackElo "2426"]
[PlyCount "82"]
[EventDate "2023.11.08"]
[EventType "tourn"]
[EventRounds "9"]
[EventCountry "USA"]
[EventCategory "8"]
[Source "ChessMix"]
[SourceDate "2023.11.20"]
[WhiteTeam "Team1"]
[BlackTeam "Team4"]

1. e4 d6 2. d4 Nf6 3. Nc3 g6 4. f4 Bg7 5. Bd3 O-O 6. Nf3 Nc6 7. O-O Bg4 8. Be2
e5 9. d5 Nd4 10. fxe5 Bxf3 11. exf6 Nxe2+ 12. Nxe2 Bxe2 13. Qxe2 Bxf6 14. Bh6
Bg7 15. Bxg7 Kxg7 16. Qb5 b6 17. Rf4 Qe7 18. Raf1 f6 19. h4 Rf7 20. a4 Qe5 21.
c3 Raf8 22. Qc4 Re8 23. b4 h6 24. h5 g5 25. Rg4 f5 26. exf5 Rxf5 27. Qxc7+ Re7
28. Qxe7+ Qxe7 29. Rxf5 Qd7 30. Rff4 Qxa4 31. Rf1 Qe8 32. Rc4 Qe3+ 33. Kh1 Qe2
34. Rc7+ Kg8 35. Ra1 a6 36. c4 g4 37. Rxa6 Qe1+ 38. Kh2 Qh4+ 39. Kg1 Qe1+ 40.
Kh2 Qh4+ 41. Kg1 Qe1+ 1/2-1/2

[Event "1000GN NY Fall GM-A"]
[Site "New York USA"]
[Date "2023.11.10"]
[Round "4.2"]
[White "Budisavljevic, Luka"]
[Black "Atanasov, Anthony"]
[Result "1-0"]
[WhiteElo "2515"]
[BlackElo "2406"]
[PlyCount "71"]
[EventDate "2023.11.08"]
[EventType "tourn"]
[EventRounds "9"]
[EventCountry "USA"]
[EventCategory "8"]
[Source "ChessMix"]
[SourceDate "2023.11.20"]
[WhiteTeam "Team2"]
[BlackTeam "Team1"]

1. Nf3 d5 2. d4 Nf6 3. c4 c6 4. e3 Bf5 5. Nc3 e6 6. Nh4 Be4 7. f3 Bg6 8. Bd2
Nbd7 9. Qb3 Qb6 10. Nxg6 hxg6 11. O-O-O O-O-O 12. Kb1 Bd6 13. h3 Qxb3 14. axb3
a6 15. g4 g5 16. Bg2 c5 17. cxd5 exd5 18. Bc1 cxd4 19. exd4 Bf4 20. Bxf4 gxf4
21. g5 Nh5 22. Nxd5 Nf8 23. Nb6+ Kc7 24. Nc4 Ne6 25. d5 Nxg5 26. h4 Nh7 27.
Rhe1 N7f6 28. d6+ Kb8 29. Re7 Rd7 30. Ree1 Rdd8 31. Bh3 Rhe8 32. Rxe8 Nxe8 33.
d7 Nef6 34. Ne5 Kc7 35. Rc1+ Kd6 36. Nxf7+ 1-0

[Event "1000GN NY Fall GM-A"]
[Site "New York USA"]
[Date "2023.11.10"]
[Round "5.2"]
[White "Atanasov, Anthony"]
[Black "Stremavicius, Titas"]
[Result "0-1"]
[WhiteElo "2406"]
[BlackElo "2563"]
[PlyCount "72"]
[EventDate "2023.11.08"]
[EventType "tourn"]
[EventRounds "9"]
[EventCountry "USA"]
[EventCategory "8"]
[Source "ChessMix"]
[SourceDate "2023.11.20"]
[WhiteTeam "Team1"]
[BlackTeam "Team2"]

1. d4 Nf6 2. Nf3 e6 3. Bf4 d5 4. e3 Bd6 5. a3 O-O 6. Nbd2 Bxf4 7. exf4 b6 8.
Ne5 c5 9. c3 a5 10. h4 Nfd7 11. Ndf3 Nxe5 12. fxe5 Ba6 13. Bxa6 Rxa6 14. Ng5 h6
15. Qd3 hxg5 16. hxg5 Re8 17. Qh7+ Kf8 18. f4 Ke7 19. g6 Rg8 20. f5 fxg6 21.
Qxg6 exf5 22. Rh7 Kd7 23. O-O-O Qe7 24. dxc5 bxc5 25. Rxd5+ Kc7 26. Qxf5 Re6
27. Rxc5+ Nc6 28. Rd5 Rxe5 29. Rxe5 Nxe5 30. Rh5 Re8 31. Qe4 Qc5 32. Kb1 Qd6
33. Ka1 Qd1+ 34. Ka2 Qxh5 35. Qd4 Qf7+ 36. Ka1 Qf1+ 0-1

[Event "1000GN NY Fall GM-A"]
[Site "New York USA"]
[Date "2023.11.11"]
[Round "6.5"]
[White "Atanasov, Anthony"]
[Black "Griffith, Kyron"]
[Result "1-0"]
[WhiteElo "2406"]
[BlackElo "2358"]
[PlyCount "57"]
[EventDate "2023.11.08"]
[EventType "tourn"]
[EventRounds "9"]
[EventCountry "USA"]
[EventCategory "8"]
[Source "ChessMix"]
[SourceDate "2023.11.20"]
[WhiteTeam "Team1"]
[BlackTeam "Team4"]

1. e4 c5 2. Nf3 e6 3. d4 cxd4 4. Nxd4 a6 5. a3 Nf6 6. Nc3 d6 7. g4 h6 8. h4 Nc6
9. Rg1 d5 10. Nxc6 bxc6 11. g5 hxg5 12. hxg5 Nxe4 13. Nxe4 dxe4 14. Qxd8+ Kxd8
15. Bf4 f6 16. O-O-O+ Ke8 17. Bg2 f5 18. f3 e3 19. Bxe3 e5 20. Rge1 Be7 21. Bd2
Kf7 22. Rxe5 Bd6 23. Re2 f4 24. Bc3 Bc5 25. Bd4 Bxd4 26. Rxd4 Kg6 27. Rxf4 Kxg5
28. Rc4 Bf5 29. f4+ 1-0

[Event "1000GN NY Fall GM-A"]
[Site "New York USA"]
[Date "2023.11.11"]
[Round "7.5"]
[White "Hardaway, Brewington"]
[Black "Atanasov, Anthony"]
[Result "1-0"]
[WhiteElo "2323"]
[BlackElo "2406"]
[PlyCount "95"]
[EventDate "2023.11.08"]
[EventType "tourn"]
[EventRounds "9"]
[EventCountry "USA"]
[EventCategory "8"]
[Source "ChessMix"]
[SourceDate "2023.11.20"]
[WhiteTeam "Team3"]
[BlackTeam "Team1"]

1. Nf3 d5 2. g3 Bf5 3. Bg2 e6 4. O-O c6 5. d3 Be7 6. Qe1 h6 7. h3 Nd7 8. e4 Bh7
9. Nbd2 Qc7 10. Qe2 a5 11. a4 dxe4 12. Nxe4 Bxe4 13. dxe4 Ngf6 14. b3 O-O 15.
Bb2 Rfe8 16. Nd2 Rad8 17. Bc3 Bb4 18. Bxb4 axb4 19. Nc4 Ne5 20. Ne3 c5 21. Qb5
Qe7 22. Rad1 Nc6 23. e5 Nxe5 24. Qxb7 Rd4 25. Qxe7 Rxe7 26. f4 Ng6 27. Rxd4
cxd4 28. Nc4 Rd7 29. Rd1 Ne7 30. a5 Ne8 31. Nb6 Rd6 32. Nc4 Rd7 33. Kf2 f6 34.
Ra1 Nc7 35. a6 Ned5 36. a7 Na8 37. Ra6 Kf7 38. f5 exf5 39. Rd6 Rxd6 40. Nxd6+
Ke6 41. Nxf5 Nac7 42. Nxg7+ Ke5 43. Ne8 Na8 44. Nxf6 Ndb6 45. Nd7+ Nxd7 46.
Bxa8 d3 47. cxd3 Kd4 48. Bc6 1-0

[Event "1000GN NY Fall GM-A"]
[Site "New York USA"]
[Date "2023.11.12"]
[Round "8.5"]
[White "Atanasov, Anthony"]
[Black "Stearman, Josiah"]
[Result "1-0"]
[WhiteElo "2406"]
[BlackElo "2451"]
[PlyCount "157"]
[EventDate "2023.11.08"]
[EventType "tourn"]
[EventRounds "9"]
[EventCountry "USA"]
[EventCategory "8"]
[Source "ChessMix"]
[SourceDate "2023.11.20"]
[WhiteTeam "Team1"]
[BlackTeam "Team3"]

1. d4 d5 2. Nf3 Nf6 3. a3 e6 4. Bf4 c5 5. e3 Nc6 6. h3 a6 7. Be2 b5 8. O-O Bb7
9. Nbd2 c4 10. c3 Bd6 11. Qc2 O-O 12. Rfe1 Ne7 13. Bxd6 Qxd6 14. a4 Nd7 15. Ng5
Ng6 16. h4 h6 17. Nxf7 Kxf7 18. Bh5 e5 19. Qf5+ Kg8 20. Qxg6 Rf6 21. Qg3 Raf8
22. axb5 axb5 23. Nf3 e4 24. Qxd6 Rxd6 25. Nd2 b4 26. cxb4 Rb6 27. b3 c3 28.
Nb1 c2 29. Na3 Ba6 30. Nxc2 Bd3 31. Rec1 Nf6 32. Bd1 g5 33. hxg5 hxg5 34. Ne1
g4 35. Ra7 g3 36. fxg3 Bb5 37. Rc2 Ne8 38. Be2 Bxe2 39. Rxe2 Rbf6 40. g4 Rf1+
41. Kh2 Nf6 42. g5 Ng4+ 43. Kg3 Nf2 44. Re7 Nd1 45. Kh2 Rc8 46. b5 Rb8 47. g4
Rxb5 48. Ng2 Rxb3 49. g6 Rf6 50. Rd7 Rxg6 51. Kg3 Rf6 52. Rxd5 Rf3+ 53. Kh4 Nc3
54. Rg5+ Kf7 55. Rc2 Ke6 56. Re5+ Kd6 57. Kg5 Nd5 58. Rc5 Nxe3 59. Nxe3 Rbxe3
60. Kg6 Rf8 61. g5 Rg3 62. Red5+ Ke6 63. Re5+ Kd6 64. Kg7 Rf4 65. Red5+ Ke6 66.
Re5+ Kd6 67. Rcd5+ Kc6 68. Rd8 e3 69. d5+ Kc7 70. Rde8 e2 71. g6 Rfg4 72. R8e6
Rg2 73. Kf7 Kd7 74. Rf6 Rd4 75. Re7+ Kd8 76. Re8+ Kd7 77. Re7+ Kd8 78. Rd6+ Kc8
79. Ke8 1-0

[Event "1000GN NY Fall GM-A"]
[Site "New York USA"]
[Date "2023.11.12"]
[Round "9.4"]
[White "Korley, Kassa"]
[Black "Atanasov, Anthony"]
[Result "1-0"]
[WhiteElo "2457"]
[BlackElo "2406"]
[PlyCount "111"]
[EventDate "2023.11.08"]
[EventType "tourn"]
[EventRounds "9"]
[EventCountry "USA"]
[EventCategory "8"]
[Source "ChessMix"]
[SourceDate "2023.11.20"]
[WhiteTeam "Team4"]
[BlackTeam "Team1"]

1. Nf3 d5 2. d4 Nf6 3. c4 c6 4. g3 Bf5 5. Nc3 e6 6. Nh4 Bg4 7. Qb3 Qb6 8. f3
Bh5 9. c5 Qxb3 10. axb3 Nfd7 11. g4 Be7 12. Ng2 Bg6 13. h4 e5 14. e3 h5 15. g5
f6 16. f4 Kd8 17. Be2 e4 18. b4 b5 19. Bd2 f5 20. Nxb5 cxb5 21. Bxb5 Kc7 22.
Be2 Kb7 23. b5 Nxc5 24. dxc5 Bxc5 25. Bc3 Rg8 26. Rd1 Rd8 27. Bxg7 Be7 28. Kf2
Bf7 29. Ne1 Rc8 30. Bc3 Nd7 31. Nc2 Bc5 32. Rhg1 Nf8 33. g6 Nxg6 34. Bxh5 Rg8
35. Bxg6 Rxg6 36. Rxg6 Bxg6 37. Rxd5 Rc8 38. Nd4 Bxd4 39. Rxd4 Bh5 40. Rd5 Rf8
41. Bd4 Rf7 42. Rd6 Rh7 43. Ra6 Kb8 44. Rf6 Bg4 45. Kg3 Kc8 46. Rg6 Be2 47. Rg5
Rh5 48. Kf2 Bf3 49. Rxh5 Bxh5 50. Bxa7 Kb7 51. Bc5 Be8 52. b6 Kc6 53. Ke1 Bf7
54. Kd2 Bd5 55. h5 Kxc5 56. h6 1-0

[Event "Excelsior September op"]
[Site "Toronto CAN"]
[Date "2023.09.06"]
[Round "1.5"]
[White "Atanasov, Anthony"]
[Black "Singh Dhaliwal, Jaipreet"]
[Result "1-0"]
[WhiteElo "2387"]
[BlackElo "1898"]
[PlyCount "79"]
[EventDate "2023.09.06"]
[EventType "swiss"]
[EventRounds "9"]
[EventCountry "CAN"]
[Source "ChessMix "]
[SourceDate "2023.09.20"]

1. d4 Nf6 2. Nf3 g6 3. c4 Bg7 4. Nc3 O-O 5. e4 d6 6. Be3 Nbd7 7. Be2 c5 8. O-O
a6 9. h3 cxd4 10. Nxd4 Nc5 11. Qc2 Ne6 12. Nf3 Qc7 13. Rac1 b6 14. b4 Nd7 15.
Nd5 Qd8 16. Qd2 Rb8 17. Bh6 b5 18. cxb5 axb5 19. Bxb5 Nf6 20. Nxf6+ exf6 21.
Bxg7 Kxg7 22. a4 Bb7 23. Bc6 Qe7 24. Rfd1 Rfc8 25. Bd5 g5 26. b5 Bxd5 27. Rxc8
Rxc8 28. exd5 Nf4 29. b6 Rc5 30. Qb2 Qe4 31. b7 Rc2 32. b8=Q Ne2+ 33. Kh1 g4
34. Q2b4 Rc4 35. Q4xd6 gxf3 36. Qbf8+ Kg6 37. Qg8+ Kh5 38. g4+ Kh4 39. Qxf6+
Kxh3 40. Qh6# 1-0

[Event "Excelsior September op"]
[Site "Toronto CAN"]
[Date "2023.09.06"]
[Round "2.3"]
[White "Mendes, Aaron Reeve"]
[Black "Atanasov, Anthony"]
[Result "1/2-1/2"]
[WhiteElo "2250"]
[BlackElo "2387"]
[PlyCount "192"]
[EventDate "2023.09.06"]
[EventType "swiss"]
[EventRounds "9"]
[EventCountry "CAN"]
[Source "ChessMix "]
[SourceDate "2023.09.20"]

1. e4 e5 2. Nf3 Nf6 3. Nxe5 d6 4. Nf3 Nxe4 5. d4 d5 6. Bd3 Bd6 7. O-O O-O 8.
Re1 Bf5 9. c4 c6 10. Nc3 Nxc3 11. bxc3 Bxd3 12. Qxd3 dxc4 13. Qxc4 Nd7 14. Bg5
Qc7 15. Be7 Bxe7 16. Rxe7 Qd6 17. Rae1 b5 18. Qb3 Nb6 19. Nd2 a5 20. R7e4 Nd5
21. a3 a4 22. Qb2 Rab8 23. Re5 Qg6 24. R5e4 Qd6 25. Re5 Qg6 26. R5e4 Rfd8 27.
h3 h5 28. Qc1 Kh7 29. Nf3 f6 30. c4 bxc4 31. Qxc4 Rb3 32. Nh4 Qg5 33. Qxa4 Rxh3
34. g3 f5 35. Kg2 Rxg3+ 36. fxg3 fxe4 37. Rxe4 Nc3 38. Qxc6 Nxe4 39. Qxe4+ Kh8
40. Ng6+ Kg8 41. d5 Qg4 42. Nf4 h4 43. Qe6+ Qxe6 44. dxe6 g5 45. Nh5 Kf8 46.
gxh4 gxh4 47. Nf4 Ke7 48. Kh3 Rd4 49. Ng6+ Kxe6 50. Nxh4 Ra4 51. Kg3 Ke5 52.
Nf3+ Kf5 53. Nh4+ Ke4 54. Kg4 Rxa3 55. Nf5 Ke5 56. Ng3 Ra4+ 57. Kf3 Rb4 58. Ne2
Rb3+ 59. Kf2 Ra3 60. Ng3 Kf4 61. Ne2+ Kg4 62. Ng1 Rg3 63. Ne2 Rf3+ 64. Ke1 Rd3
65. Kf2 Rb3 66. Ng1 Rg3 67. Ne2 Rd3 68. Ng1 Rd8 69. Ne2 Re8 70. Ng1 Rf8+ 71.
Ke3 Rf1 72. Ne2 Rf3+ 73. Ke4 Rf8 74. Ke3 Rf6 75. Nd4 Rf4 76. Ne2 Rf3+ 77. Ke4
Rb3 78. Nd4 Rb4 79. Ke3 Kg3 80. Nf5+ Kg2 81. Nd4 Rb8 82. Ke4 Kf2 83. Kf4 Re8
84. Nf5 Re1 85. Nd4 Rb1 86. Ke4 Rb4 87. Kd3 Rb8 88. Ke4 Rg8 89. Kf4 Rg1 90. Nf5
Ke2 91. Ng3+ Kd3 92. Kf3 Re1 93. Kf4 Re3 94. Nf5 Re8 95. Kf3 Re4 96. Ng3 Rh4
1/2-1/2

[Event "Excelsior September op"]
[Site "Toronto CAN"]
[Date "2023.09.07"]
[Round "3.2"]
[White "Atanasov, Anthony"]
[Black "Preotu, Razvan"]
[Result "0-1"]
[WhiteElo "2387"]
[BlackElo "2475"]
[PlyCount "88"]
[EventDate "2023.09.06"]
[EventType "swiss"]
[EventRounds "9"]
[EventCountry "CAN"]
[Source "ChessMix "]
[SourceDate "2023.09.20"]

1. d4 d5 2. Nf3 Nf6 3. a3 e6 4. Bf4 c5 5. e3 a6 6. Be2 Nbd7 7. Nbd2 b5 8. c3
Bb7 9. b4 c4 10. a4 a5 11. axb5 axb4 12. cxb4 Bxb4 13. O-O O-O 14. Qc2 Ra5 15.
Rfb1 Qa8 16. Rxa5 Qxa5 17. Bc7 Qxc7 18. Rxb4 Qa5 19. Rb1 Ra8 20. h3 h6 21. Bd1
Ne8 22. e4 Nd6 23. exd5 Bxd5 24. Rc1 Rc8 25. Qa4 Qxa4 26. Bxa4 c3 27. Nb1 Bxf3
28. gxf3 Nb6 29. Bc2 Nxb5 30. Bd3 Nxd4 31. Rxc3 Nxf3+ 32. Kh1 Rxc3 33. Nxc3 Nd5
34. Ne2 g5 35. Be4 Nd2 36. Bd3 Nf4 37. Nxf4 gxf4 38. Kg2 Kg7 39. Bb5 f5 40. Bd7
Kf6 41. Bc8 e5 42. Bb7 e4 43. Bc6 Kg5 44. Bd7 f3+ 0-1

[Event "Excelsior September op"]
[Site "Toronto CAN"]
[Date "2023.09.07"]
[Round "4.4"]
[White "Moses, Neil"]
[Black "Atanasov, Anthony"]
[Result "0-1"]
[WhiteElo "1913"]
[BlackElo "2387"]
[PlyCount "50"]
[EventDate "2023.09.06"]
[EventType "swiss"]
[EventRounds "9"]
[EventCountry "CAN"]
[Source "ChessMix "]
[SourceDate "2023.09.20"]

1. e4 c5 2. Nf3 d6 3. d4 cxd4 4. Nxd4 Nf6 5. Nc3 a6 6. Be2 e6 7. a4 b6 8. Bf3
Ra7 9. Be3 Rc7 10. a5 b5 11. Nb3 Nbd7 12. e5 Nxe5 13. Bb6 Nc4 14. Bxc7 Qxc7 15.
Qc1 d5 16. O-O Bd6 17. h3 O-O 18. g3 Bb7 19. Rd1 Bxg3 20. Ne2 Bd6 21. Ra2 h6
22. c3 e5 23. Bg2 Ne4 24. Rd3 f5 25. Qe1 f4 0-1

[Event "Excelsior September op"]
[Site "Toronto CAN"]
[Date "2023.09.08"]
[Round "5.3"]
[White "Atanasov, Anthony"]
[Black "Dukic, Zachary"]
[Result "1-0"]
[WhiteElo "2387"]
[BlackElo "2198"]
[PlyCount "123"]
[EventDate "2023.09.06"]
[EventType "swiss"]
[EventRounds "9"]
[EventCountry "CAN"]
[Source "ChessMix "]
[SourceDate "2023.09.20"]

1. e4 c5 2. Nf3 Nc6 3. d4 cxd4 4. Nxd4 Nf6 5. Nc3 e6 6. Nxc6 bxc6 7. e5 Nd5 8.
Ne4 Qc7 9. f4 Qb6 10. c4 Bb4+ 11. Ke2 f5 12. Nf2 Ba6 13. Kf3 Ne7 14. Be3 Bc5
15. Bxc5 Qxc5 16. Qd6 Qa5 17. Be2 g5 18. g3 g4+ 19. Kg2 c5 20. Rhd1 Rd8 21. a3
Nc8 22. Qd3 Bb7+ 23. Kg1 Ba8 24. Qe3 Qc7 25. b4 h5 26. bxc5 h4 27. Rd3 hxg3 28.
hxg3 Kf7 29. Rad1 Rh7 30. Rd4 Kg6 31. Kf1 Bc6 32. Nxg4 Rh1+ 33. Kf2 Rxd1 34.
Bxd1 Rh8 35. Bc2 Kg7 36. Qd3 Ne7 37. Ne3 Rh2+ 38. Kg1 Rh1+ 39. Kf2 Qa5 40. Nf1
Qxc5 41. Bd1 Kf8 42. Be2 Bb7 43. Qe3 Qc6 44. Ke1 Qa4 45. Kf2 Qc6 46. Rd6 Qa4
47. Rd2 Rh7 48. Qd3 Ke8 49. Qd6 Nc6 50. Ne3 Qb3 51. Nxf5 exf5 52. Qg6+ Rf7 53.
e6 Qb6+ 54. Kf1 dxe6 55. Bh5 Nd8 56. Qg8+ Ke7 57. Rxd8 Qxd8 58. Qxf7+ Kd6 59.
Qxb7 Kc5 60. Qxa7+ Kxc4 61. Be2+ Kb3 62. Qe3+ 1-0

[Event "Excelsior September op"]
[Site "Toronto CAN"]
[Date "2023.09.09"]
[Round "6.1"]
[White "Atanasov, Anthony"]
[Black "Almeida Quintana, Omar"]
[Result "1/2-1/2"]
[WhiteElo "2387"]
[BlackElo "2504"]
[PlyCount "75"]
[EventDate "2023.09.06"]
[EventType "swiss"]
[EventRounds "9"]
[EventCountry "CAN"]
[Source "ChessMix "]
[SourceDate "2023.09.20"]

1. d4 d6 2. Nf3 g6 3. c4 Bg7 4. Nc3 Bg4 5. h3 Bxf3 6. exf3 Nc6 7. d5 Nd4 8. h4
h5 9. Be3 c5 10. dxc6 Nxc6 11. Be2 Bxc3+ 12. bxc3 Nf6 13. Rb1 Qc7 14. O-O O-O
15. f4 e6 16. Bf3 b6 17. Bd4 Nd7 18. Qd3 Rac8 19. Rfd1 Nxd4 20. Qxd4 Qxc4 21.
Qxd6 Nf6 22. Qe7 Qxf4 23. Rb4 Qf5 24. Qxa7 Rxc3 25. Qxb6 Rxf3 26. gxf3 Nd5 27.
Rxd5 Qxd5 28. Rb3 Rc8 29. Kg2 Rc4 30. Rb4 Rxb4 31. Qxb4 Qxa2 32. Qb8+ Kh7 33.
Qc7 e5 34. Qxe5 Qc4 35. Qf6 Kg8 36. Qe7 Qf4 37. Qe8+ Kg7 38. Qe7 1/2-1/2

[Event "Excelsior September op"]
[Site "Toronto CAN"]
[Date "2023.09.09"]
[Round "7.3"]
[White "Mikhalevski, Victor"]
[Black "Atanasov, Anthony"]
[Result "1-0"]
[WhiteElo "2511"]
[BlackElo "2387"]
[PlyCount "63"]
[EventDate "2023.09.06"]
[EventType "swiss"]
[EventRounds "9"]
[EventCountry "CAN"]
[Source "ChessMix "]
[SourceDate "2023.09.20"]

1. d4 d5 2. c4 c6 3. Nf3 Nf6 4. Nc3 a6 5. a4 e6 6. g3 Bb4 7. Bg2 O-O 8. O-O a5
9. Qc2 b6 10. b3 Ba6 11. cxd5 Bxc3 12. Qxc3 Bxe2 13. dxe6 fxe6 14. Ng5 Bxf1 15.
Kxf1 Ng4 16. Bf4 Qf6 17. Re1 Nxf2 18. Qc2 Nd3 19. Re5 Qg6 20. Be4 Nxe5 21. Bxg6
Nxg6 22. Nxe6 Rf6 23. Qc4 Kh8 24. d5 Ne7 25. Nc7 Ra7 26. d6 Nf5 27. Qe4 Rf8 28.
Kg2 Na6 29. d7 Nxc7 30. Bxc7 Rxc7 31. Qe8 Kg8 32. Qxf8+ 1-0

[Event "Silicon Valley Fall op"]
[Site "Sunnyvale USA"]
[Date "2023.08.31"]
[Round "1.28"]
[White "Atanasov, Anthony"]
[Black "Eckert, Doug D"]
[Result "1-0"]
[WhiteElo "2387"]
[BlackElo "2115"]
[PlyCount "59"]
[EventDate "2023.08.31"]
[EventType "swiss"]
[EventRounds "9"]
[EventCountry "USA"]
[Source "ChessMix"]
[SourceDate "2023.09.10"]

1. d4 Nf6 2. c4 e6 3. Nf3 d5 4. Nc3 a6 5. c5 b6 6. cxb6 c5 7. Qb3 Bd7 8. Bg5 c4
9. Qc2 Qxb6 10. Bxf6 gxf6 11. e4 dxe4 12. Nxe4 Bb4+ 13. Nc3 Nc6 14. Rd1 Na5 15.
Be2 Bc6 16. O-O Bxc3 17. Qxc3 Bd5 18. Nd2 Rc8 19. b3 Rg8 20. g3 Qc7 21. bxc4 f5
22. Qa3 Ba8 23. d5 exd5 24. cxd5 Qc5 25. Qa4+ Ke7 26. Qh4+ Kf8 27. Qh6+ Ke8 28.
Rfe1 Kd8 29. Bxa6 Rg6 30. Qh4+ 1-0